| 000 | 00683 a2200193 4500 | ||
|---|---|---|---|
| 020 | _a1572317302 | ||
| 040 |
_aDLC _bDLC |
||
| 082 | 0 | 0 | _a005.4469 |
| 245 | 0 | 0 |
_aMicrosoft Windows 98 training kit _cMicrosoft Corporation. |
| 260 |
_aRedmond, WA : _bMicrosoft Press, _cc1998. |
||
| 300 |
_a1 v. (xxxv, 662 p.) in container : _bill. ; _c24 cm. + _e1 computer optical disc (4 3/4 in.) |
||
| 500 | _aTitle from container. | ||
| 500 | _a"Official MCP exam training for exam 70-098." | ||
| 500 | _aIssued in a case, with disc in its own case. | ||
| 500 | _aIncludes index. | ||
| 650 | 0 | _aOperating systems (Computers) | |
| 710 | 2 | _aMicrosoft Corporation. | |
| 942 |
_cBK _k005.4469 MIC _2ddc |
||
| 999 |
_c6360 _d6360 |
||